| 000 | 00525nam a2200169 a 4500 | ||
|---|---|---|---|
| 001 | 000030014 | ||
| 005 | 20200930055959.0 | ||
| 008 | 110428s1972 dr 000 0 spa d | ||
| 040 |
_aDO-SdBNP _bspa _cBNPHU |
||
| 082 |
_axxxx _bL247p |
||
| 100 | 1 |
_aLáncer, Rafael _956733 |
|
| 245 | 1 | 0 |
_aPerspectiva demográfica dominicana. / _cRafael Láncer. |
| 260 |
_aSanto Domingo : _bAsociación Dominicana Pro Bienestar de la Familia, _c1972. |
||
| 300 |
_a10 p. ; _c21 cm. |
||
| 490 | 1 |
_aDocumentos _v6 |
|
| 830 | 0 |
_aDocumentos _v6 _91047 |
|
| 999 |
_c29506 _d29506 |
||